BIBLIOTHÈQUE DE LA MAISON DU MEXIQUE

Logo 1 Logo 2

Montezuma ou l'apogée et la chute de l'empire aztèque (notice nᵒ 310)

détails MARC
000 -Sello discográfico
campo de control de longitud fija 01010nam a2200325 4500
005 - Identificación de versión
campo de control 20251017062823.0
010 ## - Número Estándar Internacional de Libros (ISBN)
Número (ISBN) 978-221-35-93-036
035 ## - Otros números de control del sistema
Número de control del sistema 19808
099 ## - fechas locales
Tipo de ítem Koha LIBRO
100 ## - Datos de procesamiento general
Datos de procesamiento general 19941107d1994 m y1spay5003 ba
105 ## - Campo de datos codificados: Material textual, monográfico
Datos codificados de monografía a 001zy
200 1# - Título y mención de responsabilidad
Título propio Montezuma ou l'apogée et la chute de l'empire aztèque
Designación general del material texto impreso
Primer mención de responsabilidad Michel Graulich
210 ## - Publicación, distribución, etc.
Lugar de publicación, distribución, etc. Paris
Nombre del editor, distribuidor, etc. Fayard
Fecha de publicación, distribución, etc. 1994
215 ## - Descripción física
Designación de material específico y extensión del ítem 520 p
Otras características físicas il., fot.
Dimensiones 23 cm
320 ## - Nota de índices/bibliografías internas
Texto de la nota Bibliografía: p.475-490
327 0# - Nota de contenidos
Texto de la nota Contiene índice onomástico y geográfico
345 ## - Nota de información de adquisición
Fuente de adquisición/dirección de la suscripción [OBSOLETO] Compra
600 ## - Nombre personal usado como materia
Elemento de entrada Moctezuma
Números romanos II
Fechas 1480-1520
Adiciones al nombre que no sean fechas emperador de México
Número Koha 971
606 ## - Término temático usado como materia
Elemento de entrada Aztecas
Subdivisión temática Historia
Número Koha 353
607 ## - Nombre geográfico utilizado como tema
Elemento de entrada México
Subdivisión temática Historia
Subdivisión cronológica Conquista, 1519-1540
Número Koha 453
660 ## - Código de área geográfica
Código MX
700 ## - Nombre personal - Responsabilidad primaria
Elemento de entrada Graulich
Parte del nombre distinta del elemento de entrada Michel
Número Koha 972
801 #0 - Fuente de origen
Agencia cm
900 ## -
-- 1/10866
900 ## -
-- 71094387\\\071194
942 ## - ELEMENTOS DE ENTRADA SECUNDARIOS (KOHA)
Tipo de ítem Koha Livre
996 ## -
-- MEX
-- 751145101
-- MMAG
-- 004438
-- 972.018 G774MO
-- 20210112LIV
Exemplaires
Estatus retirado Estado de daño Estado de pérdida Fecha de adquisición Biblioteca de origen Biblioteca actual Ubicación en estantería Código de barras Precio de reemplazo Signatura topográfica completa No para préstamo Tipo de ítem Koha Nota pública Nota no pública
      05/08/2025 Casa México Paris Casa México Paris   004438 05/08/2025 972.018 G774MO   Livre 20210112LIV 751145101